| 000 | 00859nam a2200253Ia 4500 | ||
|---|---|---|---|
| 003 | OSt | ||
| 005 | 20251212114526.0 | ||
| 008 | 210716s2016 xx 000 0 und d | ||
| 020 | _a9781785884405 | ||
| 040 | _cAIMIT LIBRARY | ||
| 041 | _aeng | ||
| 082 |
_a005.763 _21 _bANOD |
||
| 100 |
_aAnoshin, Dmitry. _9248948 |
||
| 245 |
_aMastering business intelligence with microstrategy: _bbuild world class enterprise business intelligence solutions with microstrategy 10. |
||
| 250 | _a1st ed. | ||
| 260 |
_aMumbai: _bPackt Publishing Ltd , _c2016. |
||
| 300 |
_aviii,378 p.; _bPB _c24.5 cm. |
||
| 650 | _2Building advanced reports and documents | ||
| 650 | _2Advanced visualization techniques | ||
| 650 | _2Data discovery with microstrategy desktop | ||
| 700 |
_aRana, Himani _9248950 |
||
| 700 |
_aMa, Ning. _9248951 |
||
| 942 |
_2ddc _cBK _k005.763 ANOD |
||
| 999 |
_c196655 _d196655 |
||